00605 2200205 4500001002100000005001500021035002000036007000300056008004100059020002200100082001000122084001600132100001900148245008400167250001700251260003100268300004800299650003000347700002200377INLIS00000000000059920221122114551 a0010-1122000193ta221122 b 0 eng  a978-979-686-452-2 aR 423 aR 423 JOH k0 aJohn M. Echols1 aKamus Inggris - Indonesia :bAn English-Indonesian Dictionary /cJohn M. Echols aEd. I Cet.23 aJakarta :bGramedia,c1996 a660 halaman :btidak ada ilustrasi ;c25 cm 4aKamus Inggris - Indonesia0 aHassan M. sadhily